| 000 | 00405cam a2200157ua 4500 | ||
|---|---|---|---|
| 041 |
_amal _h |
||
| 082 |
_a641.3461 _bARA/MA |
||
| 100 | _aAravindakshan, M . | ||
| 245 | 0 | 0 |
_aManushya poshanathil velichenna / _cM Aravidakshan. _hTextual Documents |
| 250 |
_a1 / _b. |
||
| 260 |
_aKerala : _bCoconut Development Board , _c1997. |
||
| 300 | _a115 ; . | ||
| 504 | _a | ||
| 942 | _cBK | ||
| 999 |
_c8505 _d8505 |
||